000 00369nam a2200133Ia 4500
008 231221s9999 xx 000 0 und d
020 _a978-1-4020-2269-2
041 _aEnglish
100 _aAmanda Spink, Bernhard J. Jansen
245 0 _aWeb Search: Public Searching of the Web
260 _c2005
_bSpringer US
_aNew York
650 _aComputer Science
942 _cEB
999 _c218430
_d218430